[Event "New Dolmen op"]
[Site "Qawra"]
[Date "2002.01.18"]
[Round "6"]
[White "Vella, Duncan"]
[Black "Bengafer, Moh"]
[Result "0-1"]
[WhiteElo "2200"]
[BlackElo "2280"]
[PlyCount "83"]
[EventDate "2002.01.13"]
[EventType "swiss"]
[EventRounds "7"]
[EventCountry "MLT"]
[SourceTitle "CBM 086 Extra"]
[Source "ChessBase"]
[SourceDate "2002.03.14"]
[SourceVersion "1"]
[SourceVersionDate "2002.03.14"]
[SourceQuality "1"]

1. e4 c5 2. Nf3 d6 3. d4 cxd4 4. Qxd4 Nc6 5. Bb5 Bd7 6. Bxc6 Bxc6 7. Nc3 Nf6 8. Bg5 e6 9. 0-0-0 Be7 10. Qd3 0-0 11. Nd4 Qa5 12. h4 Rfd8 13. f4 Rac8 14. Kb1 a6 15. g4 Qc7 16. Bxf6 Bxf6 17. g5 Bxd4 18. Qxd4 b5 19. Rd2 d5 20. e5 b4 21. Nd1 a5 22. Nf2 Ba4 23. b3 Be8 24. Ng4 Qc3 25. Nf2 Qxd4 26. Rxd4 Rc3 27. Ne4 Rf3 28. Nd6 Bc6 29. h5 Kf8 30. g6 fxg6 31. hxg6 h6 32. Rh5 Ke7 33. f5 Rf8 34. Rxh6 gxh6 35. f6+ R3xf6 36. exf6+ Rxf6 37. Rg4 Rf8 38. g7 Rg8 39. Nc8+ Kd7 40. Nb6+ Kc7 41. Na4 Bxa4 42. bxa4 0-1